000 00400nam a22001577a 4500
003 NUST - PNEC
005 20170116181050.0
008 150929b xxu||||| |||| 00| 0 eng d
020 _a-
040 _cLIBRARY
082 _a621.3819 SUD
100 _911811
_aSudweeks, R. W.
245 _aDigital techniques
_cR.W. Sudweeks
650 _911812
_aElectronic digital computers
_xMIS
942 _2ddc
_cBK
999 _c68350
_d68350